| 000 | 00657cam a2200181u 4500 | ||
|---|---|---|---|
| 082 |
_a526.91 _bSUR _cL-Tech, P-106 |
||
| 110 | 1 |
_aGreat Britain. _939715 |
|
| 245 | 1 | 0 | _aSurvey computations to be used in conjunction with the Text book of topographical and geographical surveying. |
| 250 | _a3d ed. | ||
| 260 |
_aLondon, _bH. M. Stationery off., _c1927. |
||
| 300 |
_avii, 179 p. _bincl. tables, diagrs. (part fold.) _c34 cm. |
||
| 526 |
_a0 _b0 _c0 _d526_910000000000000_SUR |
||
| 650 | 0 |
_aMCE _9379 |
|
| 650 | 0 |
_aTopographical surveying. _939548 |
|
| 650 | 0 |
_aTriangulation. _939716 |
|
| 700 | 1 |
_aWinterbotham, Harold St. John Loyd, _939717 |
|
| 942 |
_2ddc _cBK |
||
| 999 |
_c544159 _d544159 |
||